Lógica, psicología y ética (Record no. 100077)
[ view plain ]
| 000 -LEADER | |
|---|---|
| campo de control de longitud fija | 00517nam a2200145 i 4500 |
| 001 - NÚMERO DE CONTROL | |
| campo de control | 100077 |
| 003 - IDENTIFICADOR DE NÚMERO DE CONTROL | |
| campo de control | ES-MaACL |
| 007 - CAMPO FIJO DE DESCRIPCIÓN FÍSICA--INFORMACIÓN GENERAL | |
| campo de control de longitud fija | t| |
| 008 - DATOS DE LONGITUD FIJA--INFORMACIÓN GENERAL | |
| campo de control de longitud fija | 050921s1953 sp ||||1| spa d |
| 100 1# - ENTRADA PRINCIPAL--NOMBRE DE PERSONA | |
| Nombre de persona | Martínez Torres, Emilio. |
| 9 (RLIN) | 78450 |
| 245 10 - MENCIÓN DEL TÍTULO | |
| Título | Lógica, psicología y ética |
| Resto del título | : (obra adaptada al cuestionario oficial de las Escuelas del Magisterio). Primer curso / |
| Mención de responsabilidad, etc. | Emilio Martínez Torres. |
| 260 ## - PUBLICACIÓN, DISTRIBUCIÓN, ETC. | |
| Lugar de publicación, distribución, etc. | Huesca : |
| Nombre del editor, distribuidor, etc. | [s.n.], |
| Fecha de publicación, distribución, etc. | 1953 ( |
| Fabricante | Imp. Provincial) |
| 300 ## - DESCRIPCIÓN FÍSICA | |
| Extensión | 229 p. ; |
| Dimensiones | 21 cm. |
| 852 ## - LOCALIZACIÓN | |
| Ubicación | ES-MaACL |
| Número de control de estantería | C-6553 |
| Sublocalización o colección | R.34946 |
| Estatus retirado | Estado de pérdida | Estado de daño | No para préstamo | Biblioteca de origen | Biblioteca actual | Ubicación en estantería | Fecha de adquisición | Fuente de adquisición | Total de préstamos | Signatura topográfica completa | Código de barras | Visto por última vez | Precio de reemplazo | Tipo de ítem Koha |
|---|---|---|---|---|---|---|---|---|---|---|---|---|---|---|
| Biblioteca del Ateneo de Madrid | Biblioteca del Ateneo de Madrid | Sala Palomar | 17/01/2008 | C-6553 | 1104498 | 23/02/2023 | 23/02/2023 | Libro impreso |
